| 000 | 00565nam a2200193Ia 4500 | ||
|---|---|---|---|
| 005 | 20250923144432.0 | ||
| 008 | 008 250917s9999 xx 000 0 eng d | ||
| 037 | _aTextual | ||
| 040 |
_aDSWL _beng _cDSWL |
||
| 041 |
_aeng _2eng |
||
| 084 |
_aYX,zrt;5-R(Z).441'N30, N41 _qDSWL |
||
| 245 | 4 |
_aThe Madras suppression of immoral trafic act,1930 _cby Madras, act no.5 of 1930 |
|
| 260 | _c1941 | ||
| 300 | _a20 p. | ||
| 365 |
_aINR _b1.14 |
||
| 925 | _g1.14 | ||
| 942 |
_cTEXL _hYX,zrt;5-R(Z).441'N30, N41 |
||
| 999 |
_c1438845 _d1438845 |
||